| 000 | 00804nam a2200205Ia 4500 | ||
|---|---|---|---|
| 008 | 160319s9999 xx 000 0 und d | ||
| 245 | _aI am Sam / | ||
| 245 | _cNew Line Cinema presents ; in association with "Sam" productions GMBH & Co. Kg ; a Bedford Falls company, Red Fish Blue Fish films production ; produced by Jessie Nelson, Richard Solomon, Marshall Herskovitz, Edward Zwick ; written by Kristine Johnson & J | ||
| 260 | _bNew Line Home Entertainment, | ||
| 260 | _c2002 | ||
| 300 | _a1 videodisc (ca. 157 mins) : | ||
| 300 | _bdigital, sound, color; | ||
| 300 | _c4 3/4 in. | ||
| 650 | _aCustody of children -- | ||
| 650 | _aFeature films. | ||
| 650 | _aFilms for the hearing impaired. | ||
| 650 | _aPeople with mental disabilities -- | ||
| 650 | _xDrama. | ||
| 650 | _xDrama. | ||
| 999 |
_c292555 _d292555 |
||